00392nam a2200157Ia 4500008004100000020000700041082001500048100002400063245002200087250000900109260002900118300002900147500000700176600002700183650002400210240925s9999 xx 000 0 und d aNA a954.91 SAR aSarwar, Gul Shahzad 0aPakistan Studies  a14th aKarachi:bGiftedc,2004. axxvi,390p.bNAfOriginal aNA aEngineering Technology aHistory & geography